000 01532nam0a2200325 i 4500
001 RU\NLR\BIBL_A\010914571
005 20260405100749.0
010 _a9785170932030
_93000
021 _aRU
_b2015-87962
_95411
035 _a(NLR Aleph) 010914571
090 _a10647777
_c10647777
100 _a20151201d2015 u y0rusy50 ca
101 1 _arus
_ceng
102 _aRU
105 _aa|||z|||000yy
200 1 _aЛучшие уроки
_iПейзажи и натюрморты в разных техника
_e[масло, акварель, акрил
_eучебное пособие
_fWalter Foster
_gпер. с англ. А. Степановой]
210 _aМосква
_cАСТ
_a[Ирвин]
_cWalter Foster
_d2015
215 _a79 с.
_cцв. ил.
_d28
225 1 _aИскусство рисования (цветная)
606 1 _aНатюрморт
_jРуководства, пособия и т.п
_xв живописи
_92269376
_3RU\NLR\AUTH\661360261
606 _aПейзажная живопись
_jРуководства, пособия и т.п
_92544084
_3RU\NLR\AUTH\661505902
675 _a75/76
686 1 _aЩ143(0)-476я7
686 1 _aЩ143(0)-477я7
702 1 _4730
_8rus
_7ca
_aСтепанова
_bА. Н.
_cпереводчик
_gАнна Н.
_3RU\NLR\AUTH\7736854
_919843
712 0 2 _4570
_7ba
_7ca
_aWalter Foster publishing, издательство
_cИрвин, Калифорния
_9384142
_3RU\NLR\AUTH\880358309
942 _cBOOK
980 _aNBR